| 000 | 02250nam0a2200397 4500 | ||
|---|---|---|---|
| 001 | RU\NLR\bibl\1677440 | ||
| 005 | 20260510041828.0 | ||
| 010 |
_a978-5-85094-385-1 _9100 |
||
| 021 |
_aRU _b2010-62366 _94088 |
||
| 035 | _a(nilc)RSL-KNO-004718746 | ||
| 035 | _a(NLR Aleph) 001668670 | ||
| 090 |
_a1027406 _c1027406 |
||
| 100 | _a20100816d2010 |||y0rusy50 ca | ||
| 101 | 0 | _arus | |
| 102 | _aRU | ||
| 105 | _ay ||||||||| | ||
| 200 | 1 |
_aОбъективные предпосылки и субъективные факторы революционного разрешения социальных противоречий _eматериалы Всероссийской заочной электронной конференции _f[под ред.: Р. Л. Лившица] |
|
| 210 |
_aКомсомольск-на-Амуре _cИзд-во АмГПГУ _d2010 |
||
| 215 |
_a162 с. _d21 |
||
| 300 | _aВ надзаг.: М-во образования и науки Российской Федерации, Федеральное агентство по образованию, Федеральное гос. образовательное учреждение высш. проф. образования "Амурский гуманитарно-пед. гос. ун-т" | ||
| 606 | 1 |
_aПротиворечия в обществе _jСъезды, совещания и т.п. _91116037 _3RU\NLR\auth\66441478 |
|
| 606 |
_aРеволюции _jСъезды, совещания и т.п. _xФилософские вопросы _92316050 _3RU\NLR\auth\661385841 |
||
| 686 |
_aС555.75я431(2) _2rubbk |
||
| 686 |
_aЮ252 _bТ08я431 |
||
| 686 | _aЮ6я431 | ||
| 686 | _aС550.73я431 | ||
| 702 | 1 |
_4340 _7ca _8rus _aЛившиц _bР. Л. _cд-р филос. наук _f1947- _gРудольф Львович _94433 _3RU\NLR\auth\7721371 |
|
| 712 | 0 | 2 |
_4570 _aАмурский гуманитарно-педагогический государственный университет _cКомсомольск-на-Амуре _9738357 _3RU\NLR\AUTH\8810119930 |
| 801 | 0 |
_aRU _bРГБ _c20100816 _grcr |
|
| 801 | 1 |
_aRU _bРГБ _c20100816 |
|
| 801 | 2 |
_aRU _bNLR _c20100923 _grcr |
|
| 942 | _cBOOK | ||
| 980 | _aNB | ||
| 980 | _aNBR | ||